Max Bill : Typografie, Reklame, buchgestaltung = Max Bill : Typography, Advertising, Book Design /
Este volumen presenta la obra de diseño gráfico de Bill dividida en tres grandes secciones: muestras del juego y renovación de la "nueva tipografía", el diseño de publicidad y de libros.
保存先:
| 第一著者: | |
|---|---|
| その他の著者: | , , , |
| フォーマット: | 図書 |
| 言語: | 英語 |
| 出版事項: |
Zúrich, Suiza :
Niggli,
1999, c1999
|
| 主題: | |
| タグ: |
タグなし, このレコードへの初めてのタグを付けませんか!
|
MARC
| LEADER | 00000nam^a2200000^a^4500 | ||
|---|---|---|---|
| 001 | 000184735 | ||
| 005 | 20250521000000.0 | ||
| 009 | 20260310102126.763 | ||
| 020 | |a 3-7212-0341-0 | ||
| 037 | |a Acervo ITESO - Biblioteca | ||
| 041 | |a ING | ||
| 082 | |a 709. 49407 |b BIL FEI | ||
| 100 | |a Bill, Max |e (autor) | ||
| 245 | 1 | 0 | |a Max Bill : |b Typografie, Reklame, buchgestaltung = Max Bill : Typography, Advertising, Book Design / |c M. Bill ; texto de G. Feischmann, H.R. Bosshard, C. Bignens ; pref. de J.C. Bürkle ; tr. por Jori Lynn Walker, Robert Thomas. |
| 264 | 4 | |a Zúrich, Suiza : |b Niggli, |c 1999, c1999 | |
| 300 | |a 304 p. | ||
| 336 | |a texto |b txt |2 rdacontenido | ||
| 337 | |a sin mediación |b n |2 rdamedio | ||
| 338 | |a volumen |b nc |2 rdasoporte | ||
| 520 | |a Este volumen presenta la obra de diseño gráfico de Bill dividida en tres grandes secciones: muestras del juego y renovación de la "nueva tipografía", el diseño de publicidad y de libros. | ||
| 545 | 0 | |a Pintor, escultor, arquitecto y diseñador gráfico suizo, Max Bill (1908-1994) es exponente de los principios vanguardistas de la Bauhaus en Alemania tras el final de la Primera Guerra Mundial. Desarrolló y popularizó el arte concreto, para lo que utilizó una base matemática en toda forma de arte, por lo que sus diseños con frecuencia son geométricos; planeó de manera detallada las relaciones tonales de sus obras, de marcada funcionalidad. Entre 1935 y 1953 creó, en el campo de la escultura, diferentes variaciones sobre el tema del lazo infinito en metal pulido. Ejerció gran influencia en el arte y en el diseño industrial europeo como profesor y director de las escuelas de Zúrich y Ulm. Su trayectoria fue merecedora de premios, honores y un grado honorario, entre los que se cuenta el Premio de Arte de Zúrich, en 1968; su obra ha sido exhibida en salones y galerías de arte desde 1928. | |
| 649 | |a XX | ||
| 650 | |a Diseñadores Gráficos Suizos | ||
| 650 | |a Artistas Suizos | ||
| 650 | |a Publicidad Impresa - |z Suiza - |x Historia - |y Siglo XX | ||
| 650 | |a Tipografía - |z Suiza - |x Historia - |y Siglo XX | ||
| 650 | |a Ilustración de Libros y Manuscritos - |z Suiza - |x Historia - |y Siglo XX | ||
| 650 | |a Diseño Editorial - |z Suiza - |x Historia - |y Siglo XX | ||
| 650 | |a Diseño Gráfico - |z Suiza - |x Historia - |y Siglo XX - |x Tema Principal | ||
| 650 | |a Bauhaus | ||
| 650 | |a Arte Moderno - |x Historia y Crítica | ||
| 650 | |a Arte Suizo - |x Historia y Crítica | ||
| 650 | |a Bill, Max - |x Tema Principal | ||
| 700 | |a Feischmann, Gerd |e (texto) | ||
| 700 | |a Bosshard, Hans Rudolf |e (texto) | ||
| 700 | |a Bignens, Christoph |e (texto) | ||
| 700 | |a Bürkle, J. Christoph |e (prefacio) | ||
| 910 | |a Fondo General | ||
| 920 | |a Impresos - Libros | ||
| 930 | |a Reserva Especial | ||
| 905 | |a 103 | ||
| 901 | |a 0500125776 |b IT1 |c REE |u 20250521 | ||
| 902 | |a https://opac.biblio.iteso.mx/vufind/Record/000184735 | ||